00745nam a2200241Ia 4500003000900000008004100009040001300050040001300063041000800076100001700084100000800101245007800109250002700187260001100214260000900225300001100234300001000245490003400255490000600289942000700295999001700302952018400319IT-RoPAU120407s9999 xx 000 0 und d aIT-RoPAU cIT-RoPAU aita aJoyce Ridick cssc aI voti . Un tesoro in vasi di argilla. Riflesioni psicologico spirituali aCasale Monferrato (AL) aPiemme c1983 a176 p. c21 cm aAntropologia e vita cristiana v1 cBK c27256d27256 00102ddc406248_700000000000000_571aPAULUSbPAULUSd2012-04-11l0o248.7.5r2012-04-11 00:00:00w2012-04-11yBKzInserito da: In data: n.d. fondo: Via A.Severo 56 Progr:11671